000
00305nam a2200133Ia 4500
008
191201s2011 xx 000 0 und d
100
_a
HAN, Jiawei
245
0
_a
Data Mining Concepts and Techniques
250
_a
Rep
260
_c
2011
_b
PHI
_a
N. delhi
300
_a
770
650
_a
IT
942
_2
ddc
_c
BB
999
_c
7416
_d
7416